"Pursuing the just cause of their people": a study of contemporary Armenian terrorism
| Main Author: | |
|---|---|
| Format: | Print Book |
| Language: | English |
| Published: |
New York [u.a.]
Greenwood Pr.
1986
|
| In: |
Contributions in political science (152)
Year: 1986 |
| Edition: | 1. publ. |
| Availability in Tübingen: | Present in Tübingen. UB: KB 18 A 1653 |
| Check availability: | HBZ Gateway |
| Subito Delivery Service: | Order now. |
| Keywords: |
MARC
| LEADER | 00000cam a2200000 c 4500 | ||
|---|---|---|---|
| 001 | 040297128 | ||
| 003 | DE-627 | ||
| 005 | 20251219213600.0 | ||
| 007 | tu | ||
| 008 | 900718s1986 xx ||||| 00| ||eng c | ||
| 020 | |a 0313252475 |9 0-313-25247-5 | ||
| 035 | |a (DE-627)040297128 | ||
| 035 | |a (DE-576)021048495 | ||
| 035 | |a (DE-599)GBV040297128 | ||
| 035 | |a (OCoLC)12946609 | ||
| 035 | |a (OCoLC)12946609 | ||
| 035 | |a (DE-604)8005315050 | ||
| 040 | |a DE-627 |b ger |c DE-627 |e rakwb | ||
| 041 | |a eng | ||
| 082 | 0 | |a 947/.9208 | |
| 084 | |a 3,6 |2 ssgn | ||
| 084 | |a MH 62096 |2 rvk |0 (DE-625)rvk/122910:12055 | ||
| 100 | 1 | |a Gunter, Michael M. |d 1943- |0 (DE-588)138514224 |0 (DE-627)603785085 |0 (DE-576)166731447 |4 aut | |
| 109 | |a Gunter, Michael M. 1943- |a Gunter, Michael 1943- | ||
| 245 | 1 | 0 | |a "Pursuing the just cause of their people" |b a study of contemporary Armenian terrorism |
| 250 | |a 1. publ. | ||
| 264 | 1 | |a New York [u.a.] |b Greenwood Pr. |c 1986 | |
| 300 | |a VIII, 182 S. | ||
| 336 | |a Text |b txt |2 rdacontent | ||
| 337 | |a ohne Hilfsmittel zu benutzen |b n |2 rdamedia | ||
| 338 | |a Band |b nc |2 rdacarrier | ||
| 490 | 1 | |a Contributions in political science |v 152 | |
| 583 | 1 | |a Massenentsäuerung nicht möglich |2 pdager |5 DE-18 | |
| 583 | 1 | |a Archivierung prüfen |c 20200919 |f DE-640 |z 3 |2 pdager | |
| 583 | 1 | |a Archivierung/Langzeitarchivierung gewährleistet |f SLG |x XA-DE-BW |z BfZ |2 pdager |5 DE-24 | |
| 689 | 0 | 0 | |d s |0 (DE-588)4085933-2 |0 (DE-627)104251468 |0 (DE-576)209232870 |a Armenier |2 gnd |
| 689 | 0 | 1 | |d s |0 (DE-588)4059534-1 |0 (DE-627)106143212 |0 (DE-576)209131136 |a Terrorismus |2 gnd |
| 689 | 0 | |5 (DE-627) | |
| 689 | 1 | 0 | |d g |0 (DE-588)4061163-2 |0 (DE-627)106136844 |0 (DE-576)209138440 |a Türkei |2 gnd |
| 689 | 1 | 1 | |d s |0 (DE-588)4059534-1 |0 (DE-627)106143212 |0 (DE-576)209131136 |a Terrorismus |2 gnd |
| 689 | 1 | 2 | |d g |0 (DE-588)4085930-7 |0 (DE-627)104251484 |0 (DE-576)209232846 |a Armenien |g Landschaft |2 gnd |
| 689 | 1 | |5 (DE-627) | |
| 830 | 0 | |a Contributions in political science |v 152 |9 15200 |w (DE-627)13003987X |w (DE-576)007071132 |w (DE-600)429710-6 |x 0147-1066 |7 am | |
| 935 | |i Blocktest | ||
| 936 | r | v | |a MH 62096 |b Politisches Verbrechen, Terror, Gewalt |k Politologie |k Politische Systeme einzelner Länder |k Asien, Naher Osten |k Naher und Mittlerer Osten, Islamische Staaten |k Türkei |k Formen politischer Auseinandersetzung |k Politisches Verbrechen, Terror, Gewalt |0 (DE-627)1271498731 |0 (DE-625)rvk/122910:12055 |0 (DE-576)201498731 |
| 951 | |a BO | ||
| ELC | |b 1 | ||
| LOK | |0 000 xxxxxcx a22 zn 4500 | ||
| LOK | |0 001 3341034536 | ||
| LOK | |0 003 DE-627 | ||
| LOK | |0 004 040297128 | ||
| LOK | |0 005 19900718000000 | ||
| LOK | |0 008 900718||||||||||||||||ger||||||| | ||
| LOK | |0 040 |a DE-21 |c DE-627 |d DE-21 | ||
| LOK | |0 852 |a DE-21 | ||
| LOK | |0 852 1 |c KB 18 A 1653 |9 00 | ||
| LOK | |0 935 |a krim | ||
| LOK | |0 936ln |a k1 | ||
| LOK | |0 939 |a 18-07-90 |b l01 | ||
| ORI | |a SA-MARC-krimdoka001.raw | ||
| SIG | |a UB: KB 18 A 1653 | ||
| TIM | |a 100019230101_100020261231 |b 1923 - 2026 | ||
